| 000 | 00548nam a2200205 a 4500 | ||
|---|---|---|---|
| 001 | 23847 | ||
| 003 | CO-ViMGA | ||
| 008 | 141112s2004 ck r 000 u spa d | ||
| 020 | _a9583011134 | ||
| 040 |
_aCO-ViMGA _bspa _cCO-ViMGA |
||
| 082 | 0 | 4 | _aSAV1 |
| 100 | 1 |
_aSavaget, Luciana _92374 |
|
| 245 | 1 | 0 |
_a1, 2, 3... y ya / _cLuciana Savaget |
| 260 |
_aColombia : _bpanAméricana |
||
| 300 | _a32p. | ||
| 490 | _aSueños de papel | ||
| 650 | 1 | 4 |
_a2 : CUENTOS BRASILEÑOS _934549 |
| 650 | 1 | 4 |
_aCUENTOS INFANTILES BRASILEÑOS _92375 |
| 942 |
_2ddc _cBK |
||
| 999 |
_c31925 _d31925 |
||